000 00410nam a2200181Ia 4500
008 090124s9999 xx 000 0 und d
082 _b202795
100 _aNANDY PRITISH
245 _aKRISHNA KRISHNA
250 _a0
260 _bMIRABAI
_c1982
300 _a60
600 _aNANDY PRITISH
630 _aKRISHNA KRISHNA
700 _aNANDY PRITISH
730 _aKRISHNA KRISHNA
942 _cBOOK
999 _c184376
_d184376